[Event "85th Southwest Open 2019"]
[Site "Dallas"]
[Date "2019.09.02"]
[Round "8.9"]
[White "Nguyen, Emily"]
[Black "Drozdowski, Kacper"]
[Result "1/2-1/2"]
[WhiteElo "2183"]
[BlackElo "2484"]
[Annotator "ChessBase"]
[PlyCount "75"]
[EventDate "2019.08.29"]
[EventType "swiss"]
[EventCountry "USA"]
[SourceTitle "playchess.com"]
[Source "ChessBase"]
[SourceQuality "1"]
[TimeControl "5400+30"]

1. d4 {[%emt 0:06:45]} b6 {[%emt 0:00:00]} 2. Nf3 {[%emt 0:00:07]} Bb7 {[%emt 0:00:00]} 3. g3 {[%emt 0:00:04]} e6 {[%emt 0:00:07]} 4. c4 {[%emt 0:00:27]} f5 {[%emt 0:01:42]} 5. Bg2 {[%emt 0:00:36]} Nf6 {[%emt 0:00:12]} 6. O-O {[%emt 0:01:34]} Na6 {[%emt 0:01:56]} 7. a3 {[%emt 0:05:22]} Be7 {[%emt 0:00:21]} 8. d5 {[%emt 0:06:45]} Nc5 {[%emt 0:01:27]} 9. Nd4 {[%emt 0:13:17]} a5 {[%emt 0:07:10]} 10. dxe6 {[%emt 0:01:38]} Bxg2 {[%emt 0:01:06]} 11. exd7+ {[%emt 0:00:40]} Qxd7 {[%emt 0:00:11]} 12. Kxg2 {[%emt 0:00:03]} Rd8 {[%emt 0:02:52]} 13. e3 {[%emt 0:00:48]} Ne6 {[%emt 0:01:44]} 14. Nc3 {[%emt 0:06:09]} Nxd4 {[%emt 0:04:02]} 15. exd4 {[%emt 0:00:04]} Qxd4 {[%emt 0:00:42]} 16. Qe2 {[%emt 0:00:16]} Qd3 {[%emt 0:03:41]} 17. Qe5 {[%emt 0:18:17]} Qxc4 {[%emt 0:01:34]} 18. Bf4 {[%emt 0:01:02]} Rd7 {[%emt 0:06:16]} 19. Rad1 {[%emt 0:01:42]} Qc6+ {[%emt 0:00:50]} 20. Kg1 {[%emt 0:02:24]} O-O {[%emt 0:01:45]} 21. Rxd7 {[%emt 0:00:41]} Qxd7 {[%emt 0:00:07]} 22. Qxc7 {[%emt 0:00:48]} Qxc7 {[%emt 0:00:40]} 23. Bxc7 {[%emt 0:00:05]} Rc8 {[%emt 0:00:21]} 24. Bxb6 {[%emt 0:02:08]} Bxa3 {[%emt 0:00:07]} 25. bxa3 {[%emt 0:02:40]} Rxc3 {[%emt 0:00:09]} 26. Bxa5 {[%emt 0:00:27]} Rxa3 {[%emt 0:00:02]} 27. Bc7 {[%emt 0:00:45]} Ne4 {[%emt 0:00:16]} 28. h4 {[%emt 0:01:14]} Kf7 {[%emt 0:00:28]} 29. Kg2 {[%emt 0:01:29]} Ra2 {[%emt 0:00:14]} 30. Bb6 {[%emt 0:00:10]} h6 {[%emt 0:01:30]} 31. Be3 {[%emt 0:00:54]} g5 {[%emt 0:00:24]} 32. hxg5 {[%emt 0:00:03]} hxg5 {[%emt 0:00:04]} 33. Rb1 {[%emt 0:00:17]} f4 {[%emt 0:01:18]} 34. gxf4 {[%emt 0:00:05]} gxf4 {[%emt 0:00:03]} 35. Bxf4 {[%emt 0:00:34]} Rxf2+ {[%emt 0:00:11]} 36. Kg1 {[%emt 0:00:04]} Rxf4 {[%emt 0:00:08]} 37. Rf1 {[%emt 0:00:02]} Rxf1+ {[%emt 0:00:09]} 38. Kxf1 {[%emt 0:00:04]} 1/2-1/2

[Event "85th Southwest Open 2019"]
[Site "Dallas"]
[Date "2019.09.02"]
[Round "8.10"]
[White "Arribas Lopez, Angel"]
[Black "Reshef, Omer"]
[Result "1-0"]
[WhiteElo "2440"]
[BlackElo "2467"]
[Annotator "ChessBase"]
[PlyCount "105"]
[EventDate "2019.08.29"]
[EventType "swiss"]
[EventCountry "USA"]
[SourceTitle "playchess.com"]
[Source "ChessBase"]
[SourceQuality "1"]
[TimeControl "5400+30"]

1. e4 {[%emt 0:00:00]} e5 {[%emt 0:00:00]} 2. Nf3 {[%emt 0:00:01]} Nc6 {[%emt 0:00:00]} 3. Bb5 {[%emt 0:00:17]} a6 {[%emt 0:00:12]} 4. Ba4 {[%emt 0:00:12]} d6 {[%emt 0:00:53]} 5. O-O {[%emt 0:01:27]} g6 {[%emt 0:02:27]} 6. d4 {[%emt 0:00:43]} b5 {[%emt 0:13:55]} 7. Bb3 {[%emt 0:01:00]} Bg7 {[%emt 0:00:20]} 8. dxe5 {[%emt 0:08:41]} dxe5 {[%emt 0:03:56]} 9. Qxd8+ {[%emt 0:00:54]} Nxd8 {[%emt 0:00:19]} 10. a4 {[%emt 0:00:09]} b4 {[%emt 0:07:05]} 11. a5 {[%emt 0:07:32]} Be6 {[%emt 0:02:27]} 12. Ba4+ {[%emt 0:01:25]} Bd7 {[%emt 0:05:53]} 13. Bxd7+ {[%emt 0:01:25]} Kxd7 {[%emt 0:00:03]} 14. Rd1+ {[%emt 0:00:11]} Kc8 {[%emt 0:01:46]} 15. Nbd2 {[%emt 0:04:30]} Nf6 {[%emt 0:05:51]} 16. Re1 {[%emt 0:03:00]} Nc6 {[%emt 0:11:34]} 17. Nb3 {[%emt 0:01:31]} Bf8 {[%emt 0:05:02]} 18. Bg5 {[%emt 0:02:21]} Ne8 {[%emt 0:02:10]} 19. Nfd2 {[%emt 0:04:15]} f6 {[%emt 0:07:26]} 20. Be3 {[%emt 0:01:26]} Nd6 {[%emt 0:00:06]} 21. Bc5 {[%emt 0:06:01]} Nb5 {[%emt 0:00:46]} 22. Be3 {[%emt 0:00:25]} Be7 {[%emt 0:02:45]} 23. Nc4 {[%emt 0:00:09]} Rb8 {[%emt 0:05:08]} 24. Red1 {[%emt 0:01:06]} Nd6 {[%emt 0:00:58]} 25. Nxd6+ {[%emt 0:04:21]} Bxd6 {[%emt 0:00:08]} 26. Rd5 {[%emt 0:00:15]} Ne7 {[%emt 0:03:01]} 27. Rd3 {[%emt 0:00:04]} Rb5 {[%emt 0:00:05]} 28. Rad1 {[%emt 0:00:06]} Kb7 {[%emt 0:06:01]} 29. g4 {[%emt 0:03:53]} Nc6 {[%emt 0:01:04]} 30. Rxd6 {[%emt 0:03:42]} cxd6 {[%emt 0:00:02]} 31. Rxd6 {[%emt 0:00:09]} Nd4 {[%emt 0:09:20]} 32. Nxd4 {[%emt 0:02:34]} exd4 {[%emt 0:00:01]} 33. Bxd4 {[%emt 0:00:10]} Re8 {[%emt 0:00:12]} 34. f3 {[%emt 0:00:34]} f5 {[%emt 0:00:02]} 35. gxf5 {[%emt 0:01:01]} gxf5 {[%emt 0:00:01]} 36. e5 {[%emt 0:00:10]} Rxa5 {[%emt 0:00:52]} 37. Rb6+ {[%emt 0:02:57]} Kc7 {[%emt 0:00:11]} 38. Rxb4 {[%emt 0:00:03]} Ra1+ {[%emt 0:00:48]} 39. Kf2 {[%emt 0:00:46]} Rg8 {[%emt 0:00:37]} 40. Bc3 {[%emt 0:03:45]} Rc1 {[%emt 0:00:44]} 41. Rh4 {[%emt 0:00:06]} f4 {[%emt 0:02:29]} 42. Rxf4 {[%emt 0:00:27]} Rxc2+ {[%emt 0:00:03]} 43. Ke3 {[%emt 0:00:05]} Rxh2 {[%emt 0:00:05]} 44. Rf7+ {[%emt 0:00:30]} Kc6 {[%emt 0:02:29]} 45. Rf6+ {[%emt 0:00:05]} Kb5 {[%emt 0:00:13]} 46. f4 {[%emt 0:01:25]} h5 {[%emt 0:00:12]} 47. Bd4 {[%emt 0:02:09]} Rg3+ {[%emt 0:02:46]} 48. Ke4 {[%emt 0:00:05]} Re2+ {[%emt 0:00:51]} 49. Kd5 {[%emt 0:02:23]} Rd3 {[%emt 0:00:01]} 50. Rb6+ {[%emt 0:00:13]} Ka5 {[%emt 0:00:13]} 51. b4+ {[%emt 0:00:03]} Ka4 {[%emt 0:00:05]} 52. Kc4 {[%emt 0:00:07]} Rxd4+ {[%emt 0:01:43]} 53. Kxd4 {[%emt 0:00:04]} 1-0

[Event "85th Southwest Open 2019"]
[Site "Dallas"]
[Date "2019.09.02"]
[Round "8.11"]
[White "Nakar, Eylon"]
[Black "Li, Zhaozhi"]
[Result "1/2-1/2"]
[WhiteElo "2441"]
[BlackElo "2423"]
[Annotator "TA"]
[PlyCount "72"]
[EventDate "2019.08.29"]
[EventType "swiss"]
[EventCountry "USA"]
[SourceTitle "playchess.com"]
[Source "ChessBase"]
[SourceQuality "1"]

{[%evp 9,72,5,20,27,22,31,66,0,0,0,0,0,0,0,0,0,16,2,6,14,53,21,31,21,91,0,0,0,0,0,0,0,0,0,0,0,0,0,0,-10,-11,-35,-33,-39,-46,-37,-22,-54,-38,-56,0,0,0,0,0,0,0,0,0,0,0,0,0,0,0]} 1. e4 c5 2. Nf3 d6 3. Bb5+ Nd7 4. c3 Ngf6 ({Predecessor:} 4... a6 5. Bd3 {0-1 (40) Banzea,A (2313)-Levin,E (2523) Alba Iulia 2018}) 5. Bd3 a6 $146 (5... e6 6. O-O b6 7. Bc2 Bb7 8. Re1 Be7 9. d4 O-O 10. Nbd2 cxd4 11. cxd4 Rc8 12. Nf1 d5 {0-1 (20) Vachier Lagrave,M (2774)-Wei,Y (2721) chess.com INT 2019}) 6. Bc2 {B51: Sicilian: Moscow Variation (3 Bb5+) without 3...Bd7} c4 7. Qe2 b5 8. a4 (8. b3 $14) 8... Bb7 $11 9. axb5 axb5 10. Rxa8 Qxa8 11. Na3 Bxe4 12. Nxb5 {Strongly threatening Nc7+.} Qb7 13. d3 cxd3 14. Bxd3 e6 15. Bf4 e5 16. Bxe4 Nxe4 {[#]} (16... Qxe4 $11 {remains equal.} 17. Qxe4 Nxe4) 17. Be3 ({White should play} 17. O-O $1 $16) 17... Be7 18. O-O O-O 19. c4 d5 20. cxd5 Rb8 21. Ba7 {[%mdl 64] [#] Discovered Attack} Qxb5 22. Qxe4 Rb7 $36 {[%mdl 2048] Black fights for an advantage.} 23. Bd4 f5 24. Qe3 e4 25. Ne5 (25. Ne1 {is more complex.} Qxd5 26. Nc2 Nf8 27. Bc3 Rd7 28. Qd4) 25... Qxd5 26. Nxd7 Rxd7 27. Bc3 Bc5 28. Qf4 h6 29. g3 g5 (29... Kh7 $15) 30. Qb8+ {The position is equal.} Kf7 {Hoping for ...e3.} 31. Qh8 {Black must now prevent Qf6+.} e3 32. Qf6+ (32. Qxh6 $2 exf2+ 33. Rxf2 Re7 $19) 32... Ke8 33. Qh8+ Kf7 34. Qf6+ ({Avoid the trap} 34. Qxh6 $2 exf2+ 35. Rxf2 Re7 $19) 34... Ke8 35. Qh8+ Kf7 36. Qf6+ ({But not} 36. Qxh6 $2 exf2+ 37. Rxf2 Re7 $19) 36... Ke8 {Accuracy: White = 53%, Black = 68%.} 1/2-1/2

[Event "85th Southwest Open 2019"]
[Site "Dallas"]
[Date "2019.09.02"]
[Round "8.12"]
[White "Hong, Andrew"]
[Black "Guo, Arthur"]
[Result "1-0"]
[WhiteElo "2440"]
[BlackElo "2295"]
[Annotator "TA"]
[PlyCount "75"]
[EventDate "2019.08.29"]
[EventType "swiss"]
[EventCountry "USA"]
[SourceTitle "playchess.com"]
[Source "ChessBase"]
[SourceQuality "1"]

{[%evp 19,75,39,32,29,41,27,71,25,56,59,56,63,73,61,72,60,78,49,91,98,106,84,148,145,148,145,172,166,180,156,159,156,279,277,274,258,285,297,354,354,364,360,347,332,358,362,389,380,429,427,433,427,991,992,991,991,979,976]} 1. e4 c5 2. Nf3 d6 3. d4 cxd4 4. Nxd4 Nf6 5. Nc3 a6 6. g3 g6 7. Bg2 Bg7 8. O-O O-O 9. h3 Bd7 10. Be3 Nc6 11. Nde2 {B91: Sicilian Najdorf: 6 g3} b5 12. Nd5 Be6 $146 ({Predecessor:} 12... Rb8 13. c3 b4 14. c4 e6 15. Nxf6+ Qxf6 16. Rb1 Ne5 17. b3 Nf3+ 18. Kh1 Bc6 {½-½ (41) Vitiugov,N (2734)-Artemiev,V (2754) Sochi 2019}) 13. Nef4 {White is better.} Bxd5 14. exd5 Ne5 15. b3 Qc7 16. Ne2 Ned7 17. Nd4 Rac8 18. Nc6 Nb8 {next ...Nxd5 is good for Black.} 19. c4 Nxc6 20. dxc6 bxc4 ({Black should play} 20... e6) 21. bxc4 $16 e6 {[#]} 22. Rc1 $1 h5 23. Qb3 Rb8 24. Qa4 a5 25. Bd2 Ra8 (25... Rfc8 $16 {was worth a try.} 26. Bxa5 Qa7) 26. Rb1 $18 {[%cal Bc1b1,Bb1b7,Bb7d7][%mdl 32]} d5 27. Rb7 Qd6 28. cxd5 Nxd5 29. Rd7 Qe5 {intending ...Nb6.} 30. Bxd5 exd5 31. c7 d4 32. Rc1 h4 33. Bf4 Qf5 34. Qc6 {White is clearly winning.} hxg3 35. Bxg3 Bh6 {[#]} (35... Rac8 $142 36. Kg2 Qf6) 36. Qxa8 $1 {[%mdl 576] Remove Defender, Decoy, Promotion} Rxa8 37. Rd8+ {[%mdl 64] Double Attack} Kh7 38. Rxa8 {Accuracy: White = 79%, Black = 28%.} 1-0

[Event "85th Southwest Open 2019"]
[Site "Dallas"]
[Date "2019.09.02"]
[Round "8.13"]
[White "Tsay, Vincent"]
[Black "Bajarani, Ulvi"]
[Result "1-0"]
[WhiteElo "2233"]
[BlackElo "2501"]
[Annotator "ChessBase"]
[PlyCount "88"]
[EventDate "2019.08.29"]
[EventType "swiss"]
[EventCountry "USA"]
[SourceTitle "playchess.com"]
[Source "ChessBase"]
[SourceQuality "1"]
[TimeControl "5400+30"]

1. d4 {[%emt 0:01:10]} Nf6 {[%emt 0:00:54]} 2. Nf3 {[%emt 0:00:09]} e6 {[%emt 0:00:17]} 3. g3 {[%emt 0:00:23]} b6 {[%emt 0:00:08]} 4. Bg2 {[%emt 0:00:16]} Bb7 {[%emt 0:00:06]} 5. c4 {[%emt 0:01:05]} Bb4+ {[%emt 0:00:41]} 6. Bd2 {[%emt 0:00:10]} a5 {[%emt 0:00:08]} 7. O-O {[%emt 0:00:10]} O-O {[%emt 0:00:07]} 8. Bf4 {[%emt 0:01:17]} Be7 {[%emt 0:00:46]} 9. Nc3 {[%emt 0:00:35]} Ne4 {[%emt 0:00:13]} 10. Rc1 {[%emt 0:00:59]} Na6 {[%emt 0:07:28]} 11. Nxe4 {[%emt 0:01:24]} Bxe4 {[%emt 0:00:08]} 12. Ne5 {[%emt 0:00:21]} Bxg2 {[%emt 0:00:09]} 13. Kxg2 {[%emt 0:00:03]} Qc8 {[%emt 0:01:40]} 14. Kg1 {[%emt 0:12:52]} Rd8 {[%emt 0:00:41]} 15. e4 {[%emt 0:05:58]} Qb7 {[%emt 0:00:44]} 16. Qh5 {[%emt 0:04:48]} g6 {[%emt 0:00:42]} 17. Qf3 {[%emt 0:01:43]} f6 {[%emt 0:02:44]} 18. Nd3 {[%emt 0:10:45]} Rf8 {[%emt 0:04:42]} 19. Rfe1 {[%emt 0:03:58]} Rf7 {[%emt 0:01:41]} 20. a3 {[%emt 0:02:11]} d6 {[%emt 0:00:52]} 21. Qg4 {[%emt 0:08:00]} e5 {[%emt 0:00:43]} 22. Be3 {[%emt 0:03:14]} a4 {[%emt 0:00:38]} 23. h4 {[%emt 0:02:27]} Qc8 {[%emt 0:00:43]} 24. Qxc8+ {[%emt 0:04:28]} Rxc8 {[%emt 0:00:08]} 25. Nb4 {[%emt 0:02:27]} Nb8 {[%emt 0:04:38]} 26. c5 {[%emt 0:06:14]} exd4 {[%emt 0:00:26]} 27. cxd6 {[%emt 0:00:11]} dxe3 {[%emt 0:00:06]} 28. dxe7 {[%emt 0:00:46]} exf2+ {[%emt 0:00:23]} 29. Kxf2 {[%emt 0:00:01]} Rxe7 {[%emt 0:03:40]} 30. Nd5 {[%emt 0:00:10]} Re6 {[%emt 0:01:46]} 31. Nxc7 {[%emt 0:00:31]} Rd6 {[%emt 0:00:47]} 32. Nd5 {[%emt 0:01:18]} Re8 {[%emt 0:00:27]} 33. Red1 {[%emt 0:03:22]} Kf7 {[%emt 0:01:19]} 34. Rc7+ {[%emt 0:04:33]} Rd7 {[%emt 0:00:22]} 35. Rdc1 {[%emt 0:01:42]} Rxe4 {[%emt 0:03:20]} 36. Nxb6 {[%emt 0:02:18]} Rxc7 {[%emt 0:02:50]} 37. Rxc7+ {[%emt 0:00:03]} Ke6 {[%emt 0:00:11]} 38. Rc8 {[%emt 0:01:54]} Na6 {[%emt 0:04:38]} 39. Re8+ {[%emt 0:01:22]} Kf5 {[%emt 0:00:08]} 40. Rxe4 {[%emt 0:00:06]} Kxe4 {[%emt 0:00:06]} 41. Nxa4 {[%emt 0:00:03]} h5 {[%emt 0:00:20]} 42. b4 {[%emt 0:00:31]} Nc7 {[%emt 0:00:09]} 43. Nc5+ {[%emt 0:00:46]} Kd4 {[%emt 0:00:34]} 44. Nd7 {[%emt 0:00:27]} Ke4 {[%emt 0:58:47]} 1-0

[Event "85th Southwest Open 2019"]
[Site "Dallas"]
[Date "2019.09.02"]
[Round "8.14"]
[White "Wang, Jason"]
[Black "Wheeler, Cameron"]
[Result "1-0"]
[WhiteElo "2300"]
[BlackElo "2397"]
[Annotator "NA"]
[PlyCount "69"]
[EventDate "2019.08.29"]
[EventType "swiss"]
[EventCountry "USA"]
[SourceTitle "playchess.com"]
[Source "ChessBase"]
[SourceQuality "1"]
[TimeControl "5400+30"]

1. d4 {[%emt 0:00:00]} Nf6 {[%emt 0:00:00]} 2. c4 {[%emt 0:00:00]} e6 {[%emt 0:00:00]} 3. Nf3 {[%emt 0:00:00]} c5 {[%emt 0:00:00]} 4. d5 {[%emt 0:00:00]} b5 {[%emt 0:00:00]} 5. Bg5 {[%emt 0:00:06]} exd5 {[%emt 0:00:38]} 6. cxd5 {[%emt 0:00:06]} d6 {[%emt 0:00:07]} 7. e4 {[%emt 0:00:14]} a6 {[%emt 0:00:05]} 8. Nbd2 {[%emt 0:00:09]} Be7 {[%emt 0:01:34]} 9. Bf4 {[%emt 0:00:08]} O-O {[%emt 0:03:56]} 10. a4 {[%emt 0:00:03]} Re8 {[%emt 0:01:03]} 11. Bd3 {[%emt 0:25:15]} c4 {[%emt 0:12:27]} 12. Bc2 {[%emt 0:03:01]} Bb7 {[%emt 0:06:32]} 13. Nd4 {[%emt 0:06:22]} b4 {[%emt 0:21:26]} 14. O-O {[%emt 0:10:27]} Bf8 {[%emt 0:01:08]} 15. Qf3 {[%emt 0:05:57]} Qc7 {[%emt 0:16:04]} 16. Rac1 {[%emt 0:02:34]} c3 {[%emt 0:03:20]} 17. Bb3 {[%emt 0:03:54]} Qb6 {[%emt 0:08:04]} 18. bxc3 {[%emt 0:00:32]} bxc3 {[%emt 0:00:05]} 19. Qxc3 {[%emt 0:00:08]} Nxe4 {[%emt 0:00:36]} 20. Nxe4 {[%emt 0:00:29]} Rxe4 {[%emt 0:00:06]} 21. Be3 {[%emt 0:00:19]} Nd7 {[%emt 0:02:09]} 22. Bc2 {[%emt 0:05:44]} Bxd5 {[%emt 0:00:53]} 23. Bxe4 {[%emt 0:01:28]} Bxe4 {[%emt 0:00:06]} 24. f3 {[%emt 0:01:33]} Bg6 {[%emt 0:01:08]} 25. Ne6 {[%emt 0:02:45]} Qb7 {[%emt 0:00:13]} 26. Nxf8 {[%emt 0:01:28]} Nxf8 {[%emt 0:00:12]} 27. Qc6 {[%emt 0:01:58]} Rb8 {[%emt 0:00:36]} 28. Qxb7 {[%emt 0:01:29]} Rxb7 {[%emt 0:00:07]} 29. Rc6 {[%emt 0:01:05]} Rb4 {[%emt 0:05:11]} 30. Rxd6 {[%emt 0:00:37]} h6 {[%emt 0:01:56]} 31. Rd8 {[%emt 0:00:25]} Rc4 {[%emt 0:00:52]} 32. Rc1 {[%emt 0:00:11]} Bc2 {[%emt 0:00:13]} 33. Rd2 {[%emt 0:00:43]} Bb3 {[%emt 0:00:06]} 34. Rxc4 {[%emt 0:00:07]} Bxc4 {[%emt 0:00:05]} 35. Rd8 {[%emt 0:00:03]} 1-0

[Event "85th Southwest Open 2019"]
[Site "Dallas"]
[Date "2019.09.02"]
[Round "8.15"]
[White "Yim, Sung Ho"]
[Black "Li, Ben"]
[Result "0-1"]
[WhiteElo "2258"]
[BlackElo "2407"]
[Annotator "NA"]
[PlyCount "96"]
[EventDate "2019.08.29"]
[EventType "swiss"]
[EventCountry "USA"]
[SourceTitle "playchess.com"]
[Source "ChessBase"]
[SourceQuality "1"]
[TimeControl "5400+30"]

1. d4 {[%emt 0:03:17]} d5 {[%emt 0:00:00]} 2. c4 {[%emt 0:00:23]} c6 {[%emt 0:00:00]} 3. Nf3 {[%emt 0:00:17]} Nf6 {[%emt 0:00:00]} 4. Nc3 {[%emt 0:00:34]} e6 {[%emt 0:00:00]} 5. e3 {[%emt 0:00:35]} Nbd7 {[%emt 0:00:08]} 6. Qc2 {[%emt 0:01:36]} b6 {[%emt 0:00:41]} 7. b3 {[%emt 0:02:52]} Bb7 {[%emt 0:00:12]} 8. Be2 {[%emt 0:00:12]} Rc8 {[%emt 0:00:16]} 9. Bb2 {[%emt 0:01:18]} c5 {[%emt 0:00:12]} 10. O-O {[%emt 0:06:17]} cxd4 {[%emt 0:00:14]} 11. Nxd4 {[%emt 0:00:29]} dxc4 {[%emt 0:00:13]} 12. Bxc4 {[%emt 0:00:23]} a6 {[%emt 0:00:17]} 13. a4 {[%emt 0:01:58]} Ne5 {[%emt 0:00:10]} 14. Bxe6 {[%emt 0:21:23]} fxe6 {[%emt 0:01:17]} 15. Nxe6 {[%emt 0:00:05]} Qd3 {[%emt 0:01:53]} 16. Qe2 {[%emt 0:05:09]} Qxe2 {[%emt 0:21:37]} 17. Nxe2 {[%emt 0:00:07]} Ned7 {[%emt 0:00:08]} 18. Rac1 {[%emt 0:04:54]} Kf7 {[%emt 0:05:22]} 19. Rxc8 {[%emt 0:02:31]} Bxc8 {[%emt 0:00:02]} 20. Nxf8 {[%emt 0:03:21]} Rxf8 {[%emt 0:00:30]} 21. Rc1 {[%emt 0:01:21]} a5 {[%emt 0:05:56]} 22. Ba3 {[%emt 0:02:28]} Rd8 {[%emt 0:01:24]} 23. Nd4 {[%emt 0:02:42]} Ba6 {[%emt 0:02:23]} 24. Rc7 {[%emt 0:09:30]} Rc8 {[%emt 0:02:22]} 25. Ra7 {[%emt 0:00:13]} Bd3 {[%emt 0:00:41]} 26. f3 {[%emt 0:00:27]} Kg6 {[%emt 0:12:31]} 27. e4 {[%emt 0:05:12]} h5 {[%emt 0:00:40]} 28. Kf2 {[%emt 0:01:40]} Bc2 {[%emt 0:01:09]} 29. Nf5 {[%emt 0:07:31]} Kh7 {[%emt 0:00:20]} 30. b4 {[%emt 0:07:47]} axb4 {[%emt 0:02:12]} 31. Bxb4 {[%emt 0:00:04]} Rc4 {[%emt 0:01:31]} 32. Be7 {[%emt 0:01:15]} Rxa4 {[%emt 0:00:39]} 33. Rc7 {[%emt 0:00:06]} Ra2 {[%emt 0:00:18]} 34. Ke3 {[%emt 0:00:21]} Nd5+ {[%emt 0:01:15]} 35. exd5 {[%emt 0:00:02]} Bxf5 {[%emt 0:00:06]} 36. Kf4 {[%emt 0:00:14]} Kg6 {[%emt 0:00:13]} 37. Rc6+ {[%emt 0:02:31]} Nf6 {[%emt 0:00:02]} 38. g3 {[%emt 0:03:31]} Rd2 {[%emt 0:01:24]} 39. Rxb6 {[%emt 0:02:14]} Rxd5 {[%emt 0:00:37]} 40. Rd6 {[%emt 0:00:41]} Ra5 {[%emt 0:00:30]} 41. h4 {[%emt 0:00:33]} Rb5 {[%emt 0:02:03]} 42. Ra6 {[%emt 0:00:34]} Bh3 {[%emt 0:00:23]} 43. Ba3 {[%emt 0:00:57]} Rf5+ {[%emt 0:00:18]} 44. Ke3 {[%emt 0:00:01]} Bg2 {[%emt 0:00:07]} 45. f4 {[%emt 0:00:22]} Rb5 {[%emt 0:00:11]} 46. Bc1 {[%emt 0:00:37]} Rb3+ {[%emt 0:00:13]} 47. Kf2 {[%emt 0:00:05]} Bb7 {[%emt 0:00:05]} 48. Ra3 {[%emt 0:00:07]} Rb1 {[%emt 0:00:15]} 0-1

[Event "85th Southwest Open 2019"]
[Site "Dallas"]
[Date "2019.09.02"]
[Round "8.16"]
[White "Tiglon, Bryce"]
[Black "Vivekananthan, Anish"]
[Result "1-0"]
[WhiteElo "2371"]
[BlackElo "2162"]
[Annotator "NA"]
[PlyCount "87"]
[EventDate "2019.08.29"]
[EventType "swiss"]
[EventCountry "USA"]
[SourceTitle "playchess.com"]
[Source "ChessBase"]
[SourceQuality "1"]
[TimeControl "5400+30"]

1. e4 {[%emt 0:10:54]} c5 {[%emt 0:00:00]} 2. Nf3 {[%emt 0:00:05]} d6 {[%emt 0:00:00]} 3. d4 {[%emt 0:00:06]} cxd4 {[%emt 0:00:00]} 4. Nxd4 {[%emt 0:00:05]} Nf6 {[%emt 0:00:00]} 5. Nc3 {[%emt 0:00:02]} a6 {[%emt 0:00:00]} 6. h4 {[%emt 0:00:03]} e5 {[%emt 0:06:05]} 7. Nb3 {[%emt 0:00:03]} Be6 {[%emt 0:00:11]} 8. f4 {[%emt 0:00:03]} exf4 {[%emt 1:27:44]} 9. Bxf4 {[%emt 0:00:19]} Nc6 {[%emt 0:00:00]} 10. Qd3 {[%emt 0:09:49]} Ne5 {[%emt 0:00:00]} 11. Qe3 {[%emt 0:00:21]} Be7 {[%emt 0:00:00]} 12. O-O-O {[%emt 0:01:01]} Qc7 {[%emt 0:00:00]} 13. Nd4 {[%emt 0:08:08]} O-O {[%emt 0:00:00]} 14. Be2 {[%emt 0:04:22]} Nfd7 {[%emt 0:00:00]} 15. Nf5 {[%emt 0:05:35]} Bxf5 {[%emt 0:00:00]} 16. Nd5 {[%emt 0:02:31]} Qd8 {[%emt 0:00:00]} 17. exf5 {[%emt 0:02:36]} Rc8 {[%emt 0:00:00]} 18. g4 {[%emt 0:08:10]} Re8 {[%emt 0:00:00]} 19. Kb1 {[%emt 0:08:09]} Bf8 {[%emt 0:00:00]} 20. Qd4 {[%emt 0:00:27]} Rc5 {[%emt 0:00:00]} 21. Qd2 {[%emt 0:07:31]} Nc6 {[%emt 0:00:00]} 22. Rh2 {[%emt 0:02:58]} Nf6 {[%emt 0:00:00]} 23. Nxf6+ {[%emt 0:07:00]} Qxf6 {[%emt 0:00:00]} 24. Bf1 {[%emt 0:03:24]} Re4 {[%emt 0:00:00]} 25. c3 {[%emt 0:01:14]} d5 {[%emt 0:00:00]} 26. Bd3 {[%emt 0:01:09]} Re8 {[%emt 0:00:00]} 27. g5 {[%emt 0:00:06]} Qd8 {[%emt 0:00:00]} 28. b4 {[%emt 0:00:30]} Qb6 {[%emt 0:00:00]} 29. Ka1 {[%emt 0:01:06]} Nxb4 {[%emt 0:01:39]} 30. cxb4 {[%emt 0:00:17]} Rc6 {[%emt 0:00:05]} 31. Qb2 {[%emt 0:00:42]} Bxb4 {[%emt 0:01:49]} 32. Rc2 {[%emt 0:02:57]} a5 {[%emt 0:05:58]} 33. Bd2 {[%emt 0:00:53]} Rxc2 {[%emt 0:02:21]} 34. Bxc2 {[%emt 0:00:19]} Qc5 {[%emt 0:00:27]} 35. Bxb4 {[%emt 0:00:25]} axb4 {[%emt 0:00:06]} 36. Bb3 {[%emt 0:00:07]} d4 {[%emt 0:00:51]} 37. g6 {[%emt 0:00:02]} Rd8 {[%emt 0:00:09]} 38. gxf7+ {[%emt 0:00:27]} Kf8 {[%emt 0:00:14]} 39. f6 {[%emt 0:00:28]} gxf6 {[%emt 0:01:09]} 40. Qg2 {[%emt 0:00:02]} d3 {[%emt 0:00:40]} 41. Kb1 {[%emt 0:01:59]} d2 {[%emt 0:00:28]} 42. Qg8+ {[%emt 0:00:10]} Ke7 {[%emt 0:00:03]} 43. f8=Q+ {[%emt 0:00:08]} Rxf8 {[%emt 0:00:08]} 44. Qe6+ {[%emt 0:00:04]} 1-0